Energeticky úsporná opatření v České republice
Porovnanie energetickej náročnosti tvorby hrubého domáceho produktu ČR s vyspelými krajinami. Štátne programy ČR úspor energie. Obnoviteľné a netradičné zdroje energie. Ekologické prínosy z realizácie programov. Energetické poradenstvo. Energetická agentúra ČR. Urýchľovanie procesu znižovania energe...
Gespeichert in:
| 1. Verfasser: | |
|---|---|
| Format: | Buchkapitel |
| Sprache: | Tschechisch |
| Schlagworte: | |
| Tags: |
Keine Tags, Fügen Sie das erste Tag hinzu!
|
MARC
| LEADER | 00000naa a2200000 4500 | ||
|---|---|---|---|
| 001 | r018755 | ||
| 005 | 20221208131115.0 | ||
| 041 | 0 | |a cze | |
| 044 | |a CZ | ||
| 245 | 1 | 0 | |a Energeticky úsporná opatření v České republice |c L. Dufek |
| 520 | |a Porovnanie energetickej náročnosti tvorby hrubého domáceho produktu ČR s vyspelými krajinami. Štátne programy ČR úspor energie. Obnoviteľné a netradičné zdroje energie. Ekologické prínosy z realizácie programov. Energetické poradenstvo. Energetická agentúra ČR. Urýchľovanie procesu znižovania energetickej náročnosti v ČR, príprava prijatia zákona o hospodárení s energiou. | ||
| 610 | 2 | 0 | |a náročnosť výroby energetická |
| 610 | 2 | 0 | |a Česko |
| 610 | 2 | 0 | |a úspory energie |
| 610 | 2 | 0 | |a programy vládne |
| 610 | 2 | 0 | |a Energetická agentura ČR |
| 610 | 2 | 0 | |a zdroje energetické |
| 610 | 2 | 0 | |a hospodárstvo energetické |
| 610 | 2 | 0 | |a produkt domáci hrubý |
| 610 | 2 | 0 | |a ekológia |
| 100 | 1 | |a Dufek, L. | |